La crisis social de nuestro tiempo / (Record no. 131748)

MARC details
000 -LEADER
campo de control de longitud fija 00911nam a2200229 4500
001 - NÚMERO DE CONTROL
campo de control 131748
003 - IDENTIFICADOR DE NÚMERO DE CONTROL
campo de control ES-MaACL
005 - FECHA Y HORA DE LA ÚLTIMA TRANSACCIÓN
campo de control 20231227155439.0
007 - CAMPO FIJO DE DESCRIPCIÓN FÍSICA--INFORMACIÓN GENERAL
campo de control de longitud fija t|
008 - DATOS DE LONGITUD FIJA--INFORMACIÓN GENERAL
campo de control de longitud fija 070214s1947 sp r ||||1| spa d
100 1# - ENTRADA PRINCIPAL--NOMBRE DE PERSONA
Nombre de persona Röpke, Wilhelm (
Fechas asociadas al nombre 1899-1966)
9 (RLIN) 99542
245 13 - MENCIÓN DEL TÍTULO
Título La crisis social de nuestro tiempo /
Mención de responsabilidad, etc. Wilhelm Roepke ; [traducción directa de la 1ª edición suiza por Juan Medem Sanjuan ; revisión del texto español por Valentín Andrés Álvarez].
260 ## - PUBLICACIÓN, DISTRIBUCIÓN, ETC.
Lugar de publicación, distribución, etc. Madrid :
Nombre del editor, distribuidor, etc. Revista de Occidente,
Fecha de publicación, distribución, etc. 1947.
300 ## - DESCRIPCIÓN FÍSICA
Extensión XI, 338 p. ;
Dimensiones 22 cm.
490 1# - MENCIÓN DE SERIE
Mención de serie Biblioteca de la ciencia económica ;
Designación de volumen o secuencia 3
650 #4 - PUNTO DE ACCESO ADICIONAL DE MATERIA--TÉRMINO DE MATERIA
Término de materia o nombre geográfico como elemento de entrada Política económica-
Subdivisión cronológica 1945-1989.
9 (RLIN) 167692
700 1# - ENTRADA AGREGADA--NOMBRE PERSONAL
Nombre de persona Medem Sanjuan, Juan.
9 (RLIN) 79669
700 1# - ENTRADA AGREGADA--NOMBRE PERSONAL
Nombre de persona Andrés Álvarez, Valentín,
Fechas asociadas al nombre 1891-1982
9 (RLIN) 174884
830 1# - PUNTO DE ACCESO ADICIONAL DE SERIE-TÍTULO UNIFORME
Título uniforme Biblioteca de la ciencia económica ;
Designación de volumen o secuencia 3
9 (RLIN) 182033
852 4# - LOCALIZACIÓN
Ubicación ES-MaACL
Número de control de estantería C-4485
Holdings
Estatus retirado Estado de pérdida Estado de daño No para préstamo Biblioteca de origen Biblioteca actual Ubicación en estantería Fecha de adquisición Fuente de adquisición Total de préstamos Signatura topográfica completa Código de barras Visto por última vez Precio de reemplazo Tipo de ítem Koha
        Biblioteca del Ateneo de Madrid Biblioteca del Ateneo de Madrid Sala Palomar 17/01/2008     C-4485 1137156 23/02/2023 23/02/2023 Libro impreso